000 00497nam a2200169Ia 4500
008 090201s9999 xx 000 0 und d
010 _aKPL-37132
040 _bमराठी
041 _aमराठी
082 _a13630
_b37132
100 _aबियन चव्हाण
245 _aकर्मायण
_cबियन चव्हाण
260 _c2004
_bसरस प्रकाशन
300 _a144
_bमोठा
600 _aकर्मायण
942 _cBOOK
999 _c213825
_d213825